Countries with Zimbabwean Embassies - Statistics

General Stats
  • This quiz has been taken 43 times
  • The average score is 31 of 39
Answer Stats
Continent Country % Correct
Europe France
97%
Europe Germany
97%
Africa South Africa
97%
Europe United Kingdom
97%
North America United States of America
97%
Africa Botswana
94%
Asia/ Europe Russia
94%
Asia/ Europe Turkey
94%
Africa Zambia
94%
Africa Algeria
91%
Oceania Australia
91%
North America Canada
91%
Africa Egypt
91%
South America Brazil
88%
Asia China
88%
Africa Nigeria
88%
Africa Tanzania
88%
Asia India
85%
Europe Italy
85%
Asia Japan
85%
Africa Mozambique
85%
Africa Angola
82%
Africa Namibia
82%
Europe Belgium
79%
Africa Democratic Republic of the Congo
79%
Africa Ethiopia
79%
Asia Indonesia
79%
Africa Kenya
79%
Europe Switzerland
79%
Asia Iran
76%
North America Cuba
73%
Africa Malawi
67%
Africa Sudan
67%
Europe Sweden
64%
Africa Ghana
58%
Asia Singapore
58%
Asia Malaysia
55%
Africa Libya
42%
Asia Kuwait
33%
No matching quizzes found
Score Distribution
Percent of People with Each Score
Percentile by Number Answered
Your Score History
You have not taken this quiz